| 000 | 00535nam a2200181Ia 4500 | ||
|---|---|---|---|
| 005 | 20250508153627.0 | ||
| 008 | 008 250505s9999 xx 000 0 eng d | ||
| 037 | _aBooks to be hide in OPAC | ||
| 040 |
_aFEDL _beng _cFEDL |
||
| 041 |
_aeng _2eng |
||
| 084 |
_a370.954, MON/O _qFEDL |
||
| 100 | _aMonk F F | ||
| 245 | 0 | _aEducational policy in India : A neglected aspect | |
| 260 |
_aBombay, India _bOxford University Press _c1934 |
||
| 300 | _axiv,43p | ||
| 942 |
_cHB _h370.954, MON/O |
||
| 999 |
_c1344516 _d1344516 |
||